| 000 | 00850nam a2200265 a 4500 | ||
|---|---|---|---|
| 008 | |||
| 020 | _a0761974687 (pbk.) | ||
| 049 | _aMAIN | ||
| 090 |
_aLC1059 _bCAM |
||
| 100 | 1 | _aCampbell, Anne. | |
| 245 | 1 | 0 |
_aPractitioner research and professional development in education / _cAnne Campbell, Olwen McNamara and Peter Gilroy. |
| 260 |
_aLondon : _bPaul Chapman Publishing, _c2004. |
||
| 300 |
_avii, 226 p. _bill. ; _c24 cm. |
||
| 504 | _aIncludes bibliographical references. | ||
| 500 | _aIncludes Index. | ||
| 650 | _aProfssional development in education. | ||
| 650 | 1 | _aPractitioner reseach. | |
| 700 | _aGilroy, Peter. | ||
| 700 | _aMcNamara, Olwen. | ||
| 907 |
_a.b10270917 _b15-07-11 _c02-11-09 |
||
| 003 | |||
| 005 | 20230123125000.0 | ||
| 040 | _cNUST | ||
| 942 |
_cBOOKS _kLC1059 _mCAM |
||
| 999 |
_c133658 _d133658 |
||